Bière A-Z - Statistiques

Statistiques générales
  • Ce quiz a été pris 594 fois
  • Le résultat moyen est 10 sur 27
Statistiques - réponses
Lettre Réponse % Correct
C (31) Castle / Chimay / Castel Beer / Carlsberg / Corona / Casablanca / Chari / Carling / Calanda / Celtia / Cintra / Cristal / Coors / Cusqueña / Cass / Cobra / Chang / Clausthaler / Chapeau / Céleste / Chouffe / Ciney / Christmas / Corsendonk / Cuvée / Caffrey's / Clausel / Cisk / Cardinal / Cooper / Castelain
87%
H (17) Hansa / Heineken / Harbin / Hite / Hitachino / Hacker / Hoegaarden / Hoepfner / Hofbräu / Herken /Hapkin / Harp / Hertog / Hevelius / Haarddrëch / Hinano / Havannah
87%
L (23) La Béninoise / Leffe / Legend / Lager / Lowenbrau / Labatt / Laurentide / Lhasa / Lubzer / La Bête /Légia / Liefmans / Lienne / Lupulus / La Trappe / Lomza / Lezajsk / Litovel / Lipan / Louny / La Cordée / L'Eurélienne / Levrette
79%
D (12) Desperados / Dr. Rumba / Dos Equis / De Koninck / Delirium / Dobbel / Duvel / Diekirch / Dahls /Dommelsch / Dauphine / Doubs
77%
G (19) Guinness / Gazelle / Grotten / Golden / Gallo / Gosser / Goliath / Ginger / Gauloise / Gertrude / Gengoulf / Grisette / Grimbergen / Grolsch / Greene / Gambrinus / Gallia / Goudale / Ginette
76%
K (24) Kasteel / Kadji / Kania / Kronenbourg / Kanterbräu / Krombacher / Kalik / Kaiser / KokaneeKeystone / Kona / Kingfisher / Kirin / Kharkorin / König / Kriek / Kwak / Kamenitza / Karlovacko / Karhu / Karjala / Kilkenny / Krusovice / Kingsbräu
75%
Number (10) 8.6 / 33 Export / 2M / 961 / 333 / 896 / 1664 / 1947 / 3 Brasseurs / 3 Monts
74%
A (29) Awoyo / Aruba / Antarctica / Alexander Keith's / Anchor / Asahi / Almaza / Altaï / Astra / Aecht /Augustiner Bräu / Alpirsbacher / Abbaye / Achel / Affligem / Agrumbocq / Angelus / Anker / Avar / Applebocq / Augre / Averbode / Astika / A. Le Coq / Amstel / Appenzeller / Ambrosius / Adelscott / Amsterdam
64%
P (23) Primus / Pils / Paceña / Prestige / Pacifico / Patricia / Polar / Phoenix / Paulaner / Puntigam / Palm /Paix-Dieu / Pater / Postel / Peroni / Piast / Pripps / Power's / Piwak / Philomenn / Pietra / Pelforth / Pelican
63%
B (41) Black Label / Beaufort / Brakina / Booster Cider / Beck's / Brahma / Bohemia / Bintang / Beerlao /Budweiser / Blue Marlin / Berliner / Bitburger / Binding / Barbar / Bacchus / Belle-vue / Bink / Binchoise / Bon Secours / Boscoli / Bornem / Boneffe / Brave / Bravoure / Brice / Brigand / Borsodi / Beamich / Battin / Bofferding / Brouwerij / Bavaria / Boddingtons / Brewdog / Baltika / Boxer / Bernard / Birell / Branik / Bourbon
50%
J (7) JD / Jinling / Joseph / Jupiler / Jelen Pivo / Jezek / Jenlain
48%
T (26) Tango / Turbo / Tembo / Three Horses / Tijuana / Taiwan / Tsingtao / Taedonggang / Tiger / Troll /Toria / Tongerlo / Ter Dolen / Tournay / Tripel Karmeliet / Tournée Générale / Triple / Tripick / Troufette / Tuborg / Tervete / Tinkoff / Thou / Trobonix / Thomas Becket / Trotteuse
46%
S (39) Sobbra / Strela / Stella Artois / Stark / Simba / Skol / Sakara / Stork / Sleeman / Samuel Adams /Sierra Névada / Sol / Snow / Sapporo / Suntory / San Miguel / Singha / Schultheiss / Spaten Sternburg / Stortebeker / Saison / Saint-Benoit / Sainte-Nitouche / Steenbrugge / Super / Smithwick's / Skopsko / Sagres / Superbock / Šariš / Spendrups / Starobrno / Staropramen / Svijany / Steinlager / Speight's / Sedania / Skoll
43%
M (23) Mutzig / Maltina / Malzbier / McAuslan / Mort Subite / Molson / Moosehead / Montejo / Maccabi /Maes / Majeur / Malheur / Maredsous / Mahou / Moritz / Mythos / Murphy's / Moretti / Master / Manta / Markus / Mandrin / Mélusine
40%
E (12) El Tequito / Eku / Eau bénite / Efes / Erdinger / Edelweiss / Engelszell / Elfique / Ename / Eupener / Emu / Estrella
22%
O (11) OB / Ottweiler / Ottakringer / Oxymore / Oerbier / Orval / Ozujsko / Olvi / Oranjeboom / Okocim / O'Haras
22%
F (18) Fischer / Flag / Feldschlösschen / Flensburger / Franziskaner / Fantôme / Floreffe / Florilège / Forêt / Freaky / Frasnoise / Fumette / Faxe / Forst / Fuller / Falcon / Fosters / FADA
21%
W (10) Windhoek / Warsteiner / Wurzburger / Weihenstephan / Warsage / Westvleteren / Westmalle / Waterloo / Witkap / Warka
15%
Q (3) Quilmes / Queue de Charrue / Quintine
13%
R (17) Régab / Red Stripe / Regional Light / Rostocker / Radeberger / Rothaus / Rader / Ramée / Rulles /Rochefort / Rodenbach / Radler / Ringnes / Radegast / Regent / Rohozec / Red Rooster
13%
V (7) Vita Malt / Veltins / Val-Dieu / Victoria / Velkopopovický Kozel / VB / Victoria Bitter
8%
N (12) Ngok / Ndzoko / Noblesse / Nostradamus / Nektar / Nostra Azzurro / Nikšićko / Nogne / Newcastle /Number One / Niue / Ninkasi
7%
I (4) Isenbeck / Itaipava / Imperial / Ichnusa
4%
U (3) Unibroue / Ultra / Ursus
4%
Z (4) Zillertal / Zulte / Zinnebir / Zywiec
3%
X (4) Xintru / Xinghuacun / Xtra / XXXX
2%
Y (2) Yanjing / Yebisu
1%
Aucun quiz correspondant
Distribution des résultats
% des personnes avec chaque résultat
Percentile par nombre de réponses
Votre historique - résultats
Vous n’avez pas pris ce quiz